[Event "SVK-chT3A2 1213"]
[Site "Slovakia"]
[Date "2013.02.10"]
[Round "8.1"]
[White "Hecko, Dusan"]
[Black "Sturdik, Igor"]
[Result "1/2-1/2"]
[WhiteElo "2073"]
[BlackElo "2027"]
[PlyCount "35"]
[EventDate "2012.10.07"]
[EventType "team-tourn"]
[EventRounds "11"]
[EventCountry "SVK"]
[SourceTitle "EXT 2015"]
[Source "ChessBase"]
[SourceDate "2014.11.20"]
[SourceVersion "1"]
[SourceVersionDate "2014.11.20"]
[SourceQuality "1"]
[WhiteTeam "Senica CVC"]
[BlackTeam "Trnava Lokomotiva Solartec III"]
[WhiteTeamCountry "SVK"]
[BlackTeamCountry "SVK"]

1. e4 Nf6 2. Nc3 d5 3. exd5 Nxd5 4. Bc4 e6 5. Nf3 Be7 6. 0-0 0-0 7. d4 Nxc3 8. bxc3 Nd7 9. Re1 b6 10. Qe2 Bb7 11. Bd2 Re8 12. Bd3 Nf6 13. Rad1 h6 14. h3 Qd5 15. c4 Qh5 16. Ne5 Qxe2 17. Rxe2 Rad8 18. c3 1/2-1/2

[Event "SVK-chT1W 1112"]
[Site "Slovakia"]
[Date "2012.01.08"]
[Round "7.6"]
[White "Hecko, Dusan"]
[Black "Gombar, Peter"]
[Result "1-0"]
[WhiteElo "2123"]
[BlackElo "2033"]
[PlyCount "133"]
[EventDate "2011.10.15"]
[EventType "team-tourn"]
[EventRounds "11"]
[EventCountry "SVK"]
[SourceTitle "EXT 2013"]
[Source "ChessBase"]
[SourceDate "2012.11.22"]
[SourceVersion "1"]
[SourceVersionDate "2012.11.22"]
[SourceQuality "1"]
[WhiteTeam "Osuske"]
[BlackTeam "Povazska Bystrica"]
[WhiteTeamCountry "SVK"]
[BlackTeamCountry "SVK"]

1. c4 Nf6 2. Nc3 g6 3. Nf3 Bg7 4. g3 0-0 5. Bg2 c5 6. 0-0 Nc6 7. d3 d6 8. Rb1 Bd7 9. Bd2 Qc8 10. Re1 Rb8 11. a3 a6 12. b4 b6 13. bxc5 bxc5 14. Qc2 Qc7 15. Rxb8 Rxb8 16. Rb1 Rxb1+ 17. Qxb1 Qb8 18. Qxb8+ Nxb8 19. Ng5 Bc6 20. Bxc6 Nxc6 21. Nd5 Nxd5 22. cxd5 Ne5 23. f4 Nd7 24. Ba5 h6 25. Nf3 Kf8 26. Kf2 Ke8 27. h3 Bb2 28. a4 Bg7 29. e4 Nf6 30. Ke3 Nd7 31. g4 Bb2 32. Kd2 Bg7 33. Ke2 Bb2 34. Kd2 Bg7 35. Kc2 Bh8 36. Nd2 Bf6 37. Nc4 Bd4 38. Kd2 Bf6 39. Ke2 Bd4 40. Kf3 Bf6 41. Bc7 Bc3 42. e5 dxe5 43. fxe5 Bd4 44. Ke4 Bc3 45. Bb6 Bd4 46. Ba5 Ba1 47. Bd2 g5 48. Be3 Bc3 49. Bf2 e6 50. h4 gxh4 51. Bxh4 exd5+ 52. Kxd5 Bd4 53. Be1 f6 54. e6 Nf8 55. Nd6+ Ke7 56. Nf5+ Ke8 57. Nxh6 Ng6 58. Nf5 Nf4+ 59. Kc4 Nxe6 60. Nxd4 cxd4 61. Bf2 Ke7 62. Bxd4 Nf4 63. Be3 Ng6 64. d4 Kd6 65. Bd2 Kc6 66. d5+ Kd6 67. Bc3 1-0